| 000 | 00652nam a22002171a 4500 | ||
|---|---|---|---|
| 001 | 7098 | ||
| 003 | OSt | ||
| 005 | 20260204212116.0 | ||
| 008 | 061022s2004||||ag ||||||b||||||||||spa|| | ||
| 020 | _a9506414653 | ||
| 050 | _a658.402 H32e | ||
| 100 | _aHax, Ainaldo C. | ||
| 245 | _aEstrategias para el liderazgo competitivo: de la visión a los resultados / Ainaldo C. Hax y Nicolás S. Majluf | ||
| 264 | _aArgentina : Granica | ||
| 300 | _a536 p | ||
| 490 | _aManagement colección master | ||
| 500 | _aIncluye indice y bibliografía | ||
| 650 | _a1.Liderazgo 2.Administración gerencial | ||
| 700 | _aMajluf, Nicolás S.Ì | ||
| 942 |
_2ddc _cBK |
||
| 999 |
_c7098 _d7098 |
||